Stati sopra o sotto il Tropico del Capricorno? - Quiz n°2 - Statistics

Statistiche generali
  • Questo quiz è stato fatto 6 volte
  • Il punteggio medio è 8 su 10
Statistiche sulle risposte
Hint Risposta % Corretto
Tonga Nord del Tropico del Capricorno
100%
Burundi Nord del Tropico del Capricorno
100%
Figi Nord del Tropico del Capricorno
100%
Lesotho Sud del Tropico del Cancro
100%
Papua Nuova Guinea Nord del Tropico del Capricorno
83%
Nuova Zelanda Sud del Tropico del Cancro
83%
Nauru Nord del Tropico del Capricorno
67%
Bolivia Nord del Tropico del Capricorno
67%
Zambia Nord del Tropico del Capricorno
50%
Zimbabwe Nord del Tropico del Capricorno
50%
Nessun quiz corrispondente trovato
Distribuzione punteggi
Percentuale di utenti per punteggio
Percentile per numero di risposta
I tuoi punteggi nel tempo
Non hai fatto questo quiz